000 00342nam a2200133Ia 4500
008 240624s9999 xx 000 0 und d
041 _aeng
082 _a823 BED
100 _aBEDI KIRAN
245 _aWHAT WENT WRONG AND CONTINUES
260 _c2005
_aNew Delhi
_bUBS Publishers Ltd.
300 _axvi, : 368 : p. : cm. ; 21
365 _cRS
_b20
999 _c8065
_d8065